01386nab a22002417a 4500999001500000003000400015005001700019008004100036040000700077100003800084245019200122300001300314500003700327505023400364505020300598650002800801650003300829650005500862650002000917650003500937773015900972942001301131 c6228d6228OSt20260126023052.0190514b xxu||||| |||| 00| 0 spa d cPJ 96950aMartín, María Macarena 10aEfectividad del derecho a conocer los orígenes : blos desafíos legales en la protección de la identidad de las personas nacidas por TRHA en Argentina /cMaría Macarena Martín.  ap. 61-67 aCita: TR LALEY AR/DOC/2673/2024. aSumario: I. Desafíos legales y el derecho a la identidad en Argentina de las personas nacidas por técnicas de reproducción humana asistida.— II. El derecho a conocer los orígenes y su efectividad.— III. Conclusión.  tFallo comentado: JNFed. Contenciosoadministrativo Nro. 12 ~ 27/05/2024 ~ L., N. V. y otro c. En - PEN - M de Salud - Procrearte Red de Medicina Reproductiva y Molecular y otro s/ amparo ley 16.986. 09967aDERECHO DE FAMILIA 092345aDERECHO A LA IDENTIDAD 094292aTÉCNICAS DE REPRODUCCIÓN HUMANA ASISTIDA 091004aFILIACION 091057aJURISPRUDENCIA APLICABLE0 0284493222dBuenos Aires : AbeledoPerrot, 1989-tDerecho de familia. Revista Interdisciplinaria de doctrina y jurisprudencia. Diciembre 2024-VI.z18511201 2udccANA